000
00245nam a22000977a 4500
008
140211t xxu||||| |||| 00| 0 eng d
100
_a
William H.Branson
_9
700
245
_a
Macroeconomic
_b
theory and policy
300
_a
xv, 656 p. :
942
_2
ddc
_c
BK
999
_c
16959
_d
16959